Stroop Test - Click on the word with the same color - Sudden Death - Statistics

General Stats
  • This quiz has been taken 385 times
  • The average score is 5 of 8
Answers on the Grid
Answers color-coded by a green-red scale on the quiz's grid according to % correct below.
RED
BLUE
YELLOW
PURPLE
ORANGE
GREEN
PINK
BLACK
RED
BLUE
YELLOW
PURPLE
ORANGE
GREEN
PINK
BLACK
RED
BLUE
YELLOW
PURPLE
ORANGE
GREEN
PINK
BLACK
RED
BLUE
YELLOW
PURPLE
ORANGE
GREEN
PINK
BLACK
RED
BLUE
YELLOW
PURPLE
ORANGE
GREEN
PINK
BLACK
RED
BLUE
YELLOW
PURPLE
ORANGE
GREEN
PINK
BLACK
RED
BLUE
YELLOW
PURPLE
ORANGE
GREEN
PINK
BLACK
RED
BLUE
YELLOW
PURPLE
ORANGE
GREEN
PINK
BLACK
 
Answer Stats
Answer % Correct
BLUE
68%
RED
68%
BLACK
61%
ORANGE
55%
PINK
55%
GREEN
52%
YELLOW
52%
PURPLE
45%
No matching quizzes found
Score Distribution
Percent of People with Each Score
Percentile by Number Answered
Your Score History
You have not taken this quiz